XXX. Zoborský deň a XI. Západoslovenský deň o osteoporóze 2013 zborník z vedeckej konferencie s medzinárodnou účasťou, 25. a 26. apríla 2013

Bibliographic Details
Corporate Authors: Zoborský deň Nitra, Slovensko, Západoslovenské dni o osteoporóze (Author)
Other Authors: Fatrcová Šramková, Katarína, 1976- (Compiler), Lenártová, Petra, 1983- (Compiler)
Format: Conference Proceeding Software eBook
Language:Slovak
English
Published: Nitra Slovenská poľnohospodárska univerzita 2013
Subjects:

MARC

LEADER 00000nam a2200000 a 4500
001 vtls010525313
003 SK-MaSNL
005 20260302012909.0
007 co cg muuua
008 130704s2013 xo | fs 100 0 slo
015 |a SNBS2014 
020 |a 9788055210117 (elektronická kniha) 
040 |a SNK  |b slo  |c SNK  |e AACR2 
041 0 |a slo  |a eng 
043 |a e-xo--- 
044 |a xo  |c SK 
072 7 |a 616  |x Patológia. Klinická medicína  |2 konspekt 
080 |a 616  |2 2001 
080 |a 616.71-007.234  |2 2001 
080 |a 612.39  |2 2001 
080 |a 616.2  |2 2001 
080 |a 614.2:725.511  |2 2001 
080 |a 616.1/.9  |2 2001 
080 |a (062.534)  |2 2001 
080 |a (437.6)  |2 2001 
080 |a (0.034.44)  |2 2001 
111 2 |a Zoborský deň  |n (30. :  |d 2013 :  |c Nitra, Slovensko)  |9 164609 
245 1 0 |a XXX. Zoborský deň a XI. Západoslovenský deň o osteoporóze 2013  |h elektronický zdroj  |b zborník z vedeckej konferencie s medzinárodnou účasťou, 25. a 26. apríla 2013  |c zostavovatelia zborníka: Katarína Fatrcová-Šramková, Petra Lenártová 
246 3 |a Tridsiaty Zoborský deň 
246 3 0 |a XI. Západoslovenský deň o osteoporóze 
246 3 |a Jedenásty Západoslovenský deň o osteoporóze 
260 |a Nitra  |b Slovenská poľnohospodárska univerzita  |c 2013 
300 |a 1 elektronický optický disk (CD-ROM)  |b fareb.  |c 12 cm 
500 |a Názov z titulnej obrazovky 
500 |a CD obsahuje aj príspevky z predchádzajúcich ročníkov podujatí - r. 2007, 2008, 2009, 2010, 2011 a 2012 
504 |a Bibliogr. odkazy 
516 |a Textový dokument (zborník), súbory vo formáte html, pdf 
536 |a Projekt KEGA 025SPU-4/2012 
538 |a Technické požiadavky: internetový prehliadač, PDF prehliadač 
546 |a Text čiast. aj angl. 
610 2 7 |a Špecializovaná nemocnica sv. Svorada Zobor (Nitra, Slovensko)  |2 SNKKA  |9 257991 
650 0 7 |a klinická medicína  |2 SNKPH  |9 907 
650 0 7 |a osteoporóza  |2 SNKPH  |9 953 
650 0 7 |a výživa  |2 SNKPH  |9 2615 
650 0 7 |a choroby dýchacích ústrojov  |2 SNKPH  |9 80832 
650 0 7 |a civilizačné choroby  |2 SNKPH  |9 71637 
650 0 7 |a Osteoporosis  |2 SNKPHeng  |9 317831 
650 0 7 |a Nutrition  |2 SNKPHeng  |9 267862 
650 0 7 |a Clinical medicine  |2 SNKPHeng  |9 267854 
650 0 7 |a Civilization diseases  |2 SNKPHeng  |9 323791 
650 0 7 |a Respiratory system diseases  |2 SNKPHeng  |9 325328 
655 7 |a elektronické zdroje  |2 SNKPH  |9 90954 
655 7 |a CD-ROM  |2 SNKPH  |9 70236 
655 7 |a zborníky konferencií  |2 SNKPH  |9 70153 
655 7 |a Electronic resources  |2 SNKPHeng  |9 175546 
655 7 |a Proceedings of conferences  |2 SNKPHeng  |9 265791 
700 1 |a Fatrcová Šramková, Katarína,  |d 1976-  |4 com  |9 194511 
700 1 |a Lenártová, Petra,  |d 1983-  |4 com  |9 188607 
711 2 |a Západoslovenské dni o osteoporóze  |n (11. :  |d 2013 :  |c Nitra, Slovensko)  |4 aut  |9 164610 
919 |a 978-80-552-1011-7 
958 |a MI 
958 |a NB 
999 |c 1011069  |d 1012999 
952 |a SNK  |b SNK  |y PREZ  |7 0  |p 17A1073454  |o snkSCDM 5878  |i snk2013/15542  |8 0  |0 0  |1 0  |4 0  |d 2013-07-04  |l 0  |r 2026-02-24 12:51:58  |w 2026-02-24